Statistics for Words that rhyme with "Hays".

Click here to take the quiz!

General Stats

  • This quiz has been taken 1,530 times
    (1,023 since last reset)
  • The average score is 34 of 59

Answer Stats

rhyme% Correct
days
90%
lays
90%
ways
90%
bays
89%
pays
89%
rays
86%
maze
85%
haze
83%
plays
82%
daze
78%
craze
77%
gays
76%
stays
76%
trays
76%
laze
74%
blaze
73%
prays
72%
gaze
71%
nays
71%
raise
71%
faze
70%
grays
69%
graze
69%
jays
69%
slays
69%
brays
67%
taze
66%
clays
65%
frays
65%
glaze
65%
praise
64%
raze
64%
maize
62%
phase
62%
flays
57%
spays
56%
braise
55%
neighs
53%
strays
53%
crays
51%
weighs
51%
phrase
49%
sprays
48%
sways
46%
braze
44%
sleighs
43%
drays
42%
shays
42%
chaise
36%
preys
35%
splays
34%
baize
24%
leis
24%
fraise
19%
yeas
15%
plaise
13%
treys
11%
smaze
7%
braes
4%

Score Distribution

Percentile by Number Answered

Percent of People with Each Score

Your Score History

You have not taken this quiz since the last reset